| 000 | 00371cam a2200133ua 4500 | ||
|---|---|---|---|
| 020 | _a8185499 | ||
| 082 |
_a954.83 _bRAM/GA |
||
| 100 |
_aRamachandran, Adoor K K . _91532 |
||
| 245 | _aGazetteer of India: Kerala State Gazetteer: Vol 1 / | ||
| 250 | _a1 / | ||
| 260 |
_aThiruvananthapuram : _bState Editor, Kerala Gazetters , _c1986. |
||
| 300 | _a401 ; . | ||
| 942 | _cREF | ||
| 999 |
_c8514 _d8514 |
||